Fundamentals of Urban Design (Record no. 60212)
[ view plain ]
| 000 -LEADER | |
|---|---|
| fixed length control field | 00470nam a22001817a 4500 |
| 005 - DATE & TIME | |
| control field | 20260202164247.0 |
| 008 - FIXED-LENGTH DATA ELEMENTS--GENERAL INFORMATION | |
| fixed length control field | 260202b |||||||| |||| 00| 0 eng d |
| 020 ## - ISBN | |
| International Standard Book Number | 9781804899717 |
| Price | 4995.00 |
| 040 ## - CATALOGING SOURCE | |
| Original cataloging agency | Doon University |
| 041 ## - Language | |
| Language | English |
| 082 ## - DDC NUMBER | |
| Classification number | 711.4 |
| Book Number | BOL |
| 100 ## - MAIN ENTRY--PERSONAL NAME | |
| Personal name | Bolton, Christina |
| 245 ## - TITLE STATEMENT | |
| Title | Fundamentals of Urban Design |
| 260 ## - PUBLICATION, DISTRIBUTION, ETC. (IMPRINT) | |
| Place of publication, distribution, etc | United Kingdom America |
| Name of publisher, distributor, etc | Brilliance |
| Date of publication, distribution, etc | 2026 |
| 300 ## - PHYSICAL DESCRIPTION | |
| Pages | 298 |
| 650 ## - Subject | |
| Subject | Urban Studies |
| 942 ## - ADDED ENTRY ELEMENTS (KOHA) | |
| Koha item type | Books |
| 100 ## - MAIN ENTRY--PERSONAL NAME | |
| -- | 26169 |
| 650 ## - Subject | |
| -- | 24652 |
| 952 ## - LOCATION AND ITEM INFORMATION (KOHA) | |
| -- | 2026-02-02 |
| 952 ## - LOCATION AND ITEM INFORMATION (KOHA) | |
| -- | 2026-02-02 |
| 952 ## - LOCATION AND ITEM INFORMATION (KOHA) | |
| -- | 2026-02-02 |
| Withdrawn status | Lost status | Source of classification or shelving scheme | Damaged status | Not for loan | Location (home branch) | Sublocation or collection (holding branch) | Date acquired | Koha issues (times borrowed) | Koha full call number | Accession No. | Koha date last seen | Koha item type |
|---|---|---|---|---|---|---|---|---|---|---|---|---|
| Doon University | Doon University | 02.02.2026 | 711.4 BOL | 51977 | 02.02.2026 | Books | ||||||
| Doon University | Doon University | 02.02.2026 | 711.4 BOL | 51978 | 02.02.2026 | Books | ||||||
| Doon University | Doon University | 02.02.2026 | 711.4 BOL | 51979 | 02.02.2026 | Books |